000
00349 a2200169 4500
001
172850
020
_a
978-85-08-11337-8
040
_c
Magnum
100
_a
Junqueira, Sonia
240
1
0
_a
O galo maluco
_l
por
245
1
0
_a
O galo maluco
300
_a
24
362
0
_a
2007
440
1
_a
Ática
697
_a
LITERATURA INFANTIL
942
_c
BK
999
_c
172850
_d
172850